Southville International School and Colleges
Your cart is empty.
  • Cart
  • Lists
    Public lists Eva Luna New books Lux_list list_1
    Your lists Log in to create your own lists
  • Log in to your account
  • Your cookies
  • Search history
Southville International School and Colleges
  • Advanced search
  • Recent comments
  • Most popular
  • Libraries

Log in to your account

Log in with GOOGLE


If you do not have an external account, but do have a local account, you can still log in:

  1. Home
  2. MARC view: The design and implementation of the FreeBSD operating system /
Normal view MARC view ISBD view

The design and implementation of the FreeBSD operating system / (Record no. 305150)

[ view plain ]
MARC details
000 -LEADER
fixed length control field 01223cam a2200337 i 4500
001 - CONTROL NUMBER
control field 18159082
003 - CONTROL NUMBER IDENTIFIER
control field SISC
005 - DATE AND TIME OF LATEST TRANSACTION
control field 20161005105523.0
008 - FIXED-LENGTH DATA ELEMENTS--GENERAL INFORMATION
fixed length control field 140521s2015 njua b 001 0 eng
010 ## - LIBRARY OF CONGRESS CONTROL NUMBER
LC control number 2014020072
020 ## - INTERNATIONAL STANDARD BOOK NUMBER
International Standard Book Number 9780321968975 (hardcover : alk. paper)
020 ## - INTERNATIONAL STANDARD BOOK NUMBER
International Standard Book Number 0321968972 (hardcover : alk. paper)
040 ## - CATALOGING SOURCE
Original cataloging agency DLC
Language of cataloging eng
Transcribing agency DLC
Description conventions rda
Modifying agency DLC
042 ## - AUTHENTICATION CODE
Authentication code pcc
050 00 - LIBRARY OF CONGRESS CALL NUMBER
Classification number QA 76.774.F74
Item number .M35 2015
082 00 - DEWEY DECIMAL CLASSIFICATION NUMBER
Classification number 005.4/32
100 1# - MAIN ENTRY--PERSONAL NAME
Personal name McKusick, Marshall Kirk.
245 14 - TITLE STATEMENT
Title The design and implementation of the FreeBSD operating system /
Statement of responsibility, etc Marshall Kirk McKusick, George V. Neville-Neil, Robert N. M. Watson.
250 ## - EDITION STATEMENT
Edition statement 2nd edition.
260 ## - PUBLICATION, DISTRIBUTION, ETC. (IMPRINT)
Place of publication, distribution, etc Boston :
Name of publisher, distributor, etc Addison-Wesley,
Date of publication, distribution, etc 2015.
300 ## - PHYSICAL DESCRIPTION
Extent xxx, 886 pages :
Other physical details illustrations ;
Dimensions 25 cm
500 ## - GENERAL NOTE
General note Includes bibliographical references and index.
630 00 - SUBJECT ADDED ENTRY--UNIFORM TITLE
Uniform title FreeBSD.
650 #0 - SUBJECT ADDED ENTRY--TOPICAL TERM
Topical term or geographic name as entry element Free computer software.
650 #0 - SUBJECT ADDED ENTRY--TOPICAL TERM
Topical term or geographic name as entry element Operating systems (Computers)
700 1# - ADDED ENTRY--PERSONAL NAME
Personal name Neville-Neil, George V.
700 1# - ADDED ENTRY--PERSONAL NAME
Personal name Watson, Robert N. M.
906 ## - LOCAL DATA ELEMENT F, LDF (RLIN)
a 7
b cbc
c orignew
d 1
e ecip
f 20
g y-gencatlg
942 ## - ADDED ENTRY ELEMENTS (KOHA)
Source of classification or shelving scheme Library of Congress Classification
Koha item type Books
Holdings
Withdrawn status Lost status Source of classification or shelving scheme Damaged status Home library Current library Shelving location Date acquired Source of acquisition Cost, normal purchase price Sub Shelving location Total Checkouts Full call number Barcode Date last seen Price effective from Koha item type
    Library of Congress Classification   College Library College Library Graduate Section 10/05/2016 Library Fund 8295.00     QA 76.774.F74 .M35 2015 C20739 05/15/2018 10/05/2016 Books

The design and implementation of the FreeBSD operating system /

APA

McKusick M. K., Neville-Neil G. V. & Watson R. N. M. (2015). The design and implementation of the FreeBSD operating system. Boston: Addison-Wesley.

Chicago

McKusick Marshall Kirk, Neville-Neil George V and Watson Robert N M. 2015. The design and implementation of the FreeBSD operating system. Boston: Addison-Wesley.

Harvard

McKusick M. K., Neville-Neil G. V. and Watson R. N. M. (2015). The design and implementation of the FreeBSD operating system. Boston: Addison-Wesley.

MLA

McKusick Marshall Kirk, Neville-Neil George V and Watson Robert N M. The design and implementation of the FreeBSD operating system. Boston: Addison-Wesley. 2015.

  • Place hold
  • Print
  • Cite
  • Add to your cart (remove)
  • Save record
    BIBTEX Dublin Core MARCXML MARC (non-Unicode/MARC-8) MARC (Unicode/UTF-8) MARC (Unicode/UTF-8, Standard) MODS (XML) RIS
  • More searches
    Search for this title in:
    Other Libraries (WorldCat) Other Databases (Google Scholar) Online Stores (Bookfinder.com) Open Library (openlibrary.org)

Exporting to Dublin Core...

SOUTHVILLE LIBRARY

Southville International School and Colleges Library

1281 Tropical Ave. Cor. Luxembourg St., BF Homes International, Las Pinas City

Tel. No. 8256374 / 252358 Loc. 117/146

Powered by Koha